| 000 | 01969nam0a2200361 4500 | ||
|---|---|---|---|
| 001 | RU\NLR\bibl\496437 | ||
| 005 | 20260407094111.0 | ||
| 010 |
_a5-94723-693-1 _94000 |
||
| 021 |
_aRU _b2003-67630 _93335 |
||
| 035 | _a(NLR Aleph) 000489062 | ||
| 090 |
_a1101895 _c1101895 |
||
| 100 | _a20040303d2003 |||y0rusy50 ca | ||
| 101 | 0 | _arus | |
| 102 | _aRU | ||
| 105 | _ay ||||||||| | ||
| 200 | 1 |
_aВыборы депутатов Государственной Думы Федерального собрания Российской Федерации _eВ вопр. и ответах _eПолит.-юрид. справ. для кандидатов, организаторов и юных участников избират. кампаний _fПод ред. Д.В. Нежданова, Д.А. Сударушкина |
|
| 210 |
_aСПб. и др. _cПитер _cПитер Принт _d2003 |
||
| 215 |
_a181 с. _d21 |
||
| 225 | 1 | _aСерия "Библиотека политического консультирования" | |
| 225 | 1 | _aВне серии | |
| 320 | _aБиблиогр.: с. 180-181 | ||
| 601 | 0 | 1 |
_aРоссийская Федерация _bФедеральное собрание _jСправочники _xГосударственная дума _xДепутаты _xВыборы _91744436 _3RU\NLR\auth\661076732 |
| 601 | 0 | 1 |
_aРоссийская Федерация _bГосударственная Дума _jСправочники _xДепутаты _xВыборы _92140023 _3RU\NLR\auth\661289958 |
| 686 | _aХ620.526.2я2 | ||
| 686 | _aХ620.611.32Ря2 | ||
| 702 | 1 |
_4340 _8rus _7ca _aНежданов _bД.В. _gДенис Викторович _3RU\NLR\AUTH\7714014 _9123692 |
|
| 712 | 0 | 1 |
_4570 _aРоссийская Федерация _bГосударственная Дума _3RU\NLR\AUTH\889918056 _9332252 |
| 801 | 0 |
_aRU _bNLR _c20040303 _gPSBO |
|
| 801 | 1 |
_aRU _bNLR _c20040303 |
|
| 942 | _cBOOK | ||
| 980 | _aNB | ||